| 000 | 00581nam a22002057a 4500 | ||
|---|---|---|---|
| 003 | OSt | ||
| 005 | 20140310183112.0 | ||
| 008 | 130323t xxu||||| |||| 00| 0 eng d | ||
| 020 | _a9789712724688 | ||
| 050 |
_aDS 686.6 _b.M741 2010 |
||
| 082 |
_aFIL 959.90562 _bC573 2010 |
||
| 245 |
_aMondo Marcos _bmga panulat sa batas militar at ng Marcos babies _cinedit nina Cimatu, Frank |
||
| 260 |
_aManila _bAnvil Pub. _cc2010 |
||
| 300 |
_a176 p. _bill. _c23 cm. |
||
| 521 | _aCollege students | ||
| 526 | _c1210L-1700L | ||
| 541 | _j1 | ||
| 562 | _e1 | ||
| 942 |
_2lcc _cBK _kFIL |
||
| 999 |
_c18858 _d18858 |
||